Komentár k úplnému zneniu zákona o dani z pridanej hodnoty

Systém jednotného trhu Európskej únie (1993) si vyžiadal zavedenie nových pravidiel pre uplatňovanie DPH pri pohybe tovaru medzi jednotlivými členskými štátmi EÚ.

Na minha lista:
Detalhes bibliográficos
Autor principal: Jablonková, Zdenka
Formato: Capítulo de Livro
Idioma:eslovaco
Assuntos:
Tags: Adicionar Tag
Sem tags, seja o primeiro a adicionar uma tag!

MARC

LEADER 00000naa a2200000 4500
001 0160578
005 20231114102032.5
041 0 |a slo 
044 |a SK 
245 1 0 |a Komentár k úplnému zneniu zákona o dani z pridanej hodnoty  |c Zdenka Jablonková 
520 |a Systém jednotného trhu Európskej únie (1993) si vyžiadal zavedenie nových pravidiel pre uplatňovanie DPH pri pohybe tovaru medzi jednotlivými členskými štátmi EÚ. 
610 2 0 |a Európska únia 
610 2 0 |a pohyb tovaru 
610 2 0 |a zdaňovanie 
610 2 0 |a dane z hodnoty pridanej 
610 2 0 |a zákony 
610 2 0 |a komentáre 
100 1 |a Jablonková, Zdenka